The Evolution of weapons and warfare

Salvato in:
Dettagli Bibliografici
Autore principale: Dupuy, Trevor Nevitt
Natura: testo
Pubblicazione: Fairfax, Virginia: HERO BOOKS
Tags: Aggiungi Tag
Nessun Tag, puoi essere il primo ad aggiungerne!!

MARC

LEADER 00000 a a2200000 04500
001 22343
003
040
020 |a 0-915979-05-5  
090 |a 152100  
100 |a Dupuy, Trevor Nevitt  
245 |a The Evolution of weapons and warfare  
260 |a Fairfax, Virginia:   |b HERO BOOKS  
300 |a 350 p.  
999 |c 6355  |d 6355